| 000 | 01041nam a2200205Ia 4500 | ||
|---|---|---|---|
| 001 | 23206 | ||
| 003 | GE_BSU | ||
| 008 | 181216s||||||||xx |||||||||||||| ||und|| | ||
| 040 | _cGE_BSU | ||
| 245 | _aსაქართველოს ეკონომიკა. 100 წლისთავისადმი მიძღვნილი. სპეციალური გამოშვება №9 2018. | ||
| 245 | _bსამეცნიერო ანალიტიკური ჟურნალი. | ||
| 245 | _cმთ.რედ:ემზარ ჯგერენაია.სამ.რედ:ლეო ჩიქავა და სხვა. | ||
| 260 | _aთბილისი | ||
| 260 | _c2018 | ||
| 300 | _a345გვ. ; 20სმ. | ||
| 653 | _a100 წლისთავისადმი მიძღვნილი. სპეციალური გამოშვება | ||
| 653 | _aპერიოდიკა | ||
| 653 | _aსაქართველოს ეკონომიკა.№9 2018. | ||
| 942 | _cCR | ||
| 999 |
_c56105 _d56105 |
||